| 000 | 00600ntaaa2200205 4500 | ||
|---|---|---|---|
| 003 | 01 | ||
| 005 | 20251027202931.0 | ||
| 008 | 0714s1973 ag 01 | ||
| 040 |
_aAR-BaBN _bspa _cAR-BaBN _eaacr _dRIC |
||
| 082 | _a922.6810 P41 | ||
| 100 |
_aPereira, José dos Reis _929991 |
||
| 245 | _aO apóstolo da Amazona | ||
| 250 | _a1 ed. | ||
| 260 |
_aRío de Janeiro : _bCasa Publicadora Batista, _c1963 |
||
| 300 | _a129 p | ||
| 500 | _aBiografía de Eurico Alfredo Nelson (1862-1939), el apóstol del Amazonas. | ||
| 650 |
_aNelson,Eurico Alfredo (1862-1939) _922863 |
||
| 650 | _aBrasil | ||
| 942 | _cBK | ||
| 999 |
_c24635 _d24635 |
||